000
00231nam a22001337a 4500
008
020
_a
9781418859367
041
_a
eng
080
_a
004
100
_a
32
101
_a
SHK
245
_a
HTML
_c
SHELLY
942
_2
udc
_c
BK
999
_c
22434
_d
22434